Výnosová křivka - teorie a praxe českého finančního trhu v kontextu měnové politiky ČNB v r. 1993
Výnosová krivka - dôležitý ukazovateľ - má úzky vzťah k menovej politike. Ekonomické teórie, v rámci ktorých je výnosová krivka interpretovaná: teória oddelených trhov, teória očakávaní, teória úrokovej prémie. Inflačné očakávanie a strmosť výnosovej krivky, tzv. Fisherov efekt. Ostatné faktory ovpl...
Salvato in:
| Autore principale: | |
|---|---|
| Natura: | Capitolo di libro |
| Lingua: | ceco |
| Soggetti: | |
| Tags: |
Nessun Tag, puoi essere il primo ad aggiungerne!!
|
MARC
| LEADER | 00000naa a2200000 4500 | ||
|---|---|---|---|
| 001 | r017115 | ||
| 005 | 20221205090301.5 | ||
| 041 | 0 | |a cze | |
| 044 | |a CZ | ||
| 245 | 1 | 0 | |a Výnosová křivka - teorie a praxe českého finančního trhu v kontextu měnové politiky ČNB v r. 1993 |c I. Matalík |
| 520 | |a Výnosová krivka - dôležitý ukazovateľ - má úzky vzťah k menovej politike. Ekonomické teórie, v rámci ktorých je výnosová krivka interpretovaná: teória oddelených trhov, teória očakávaní, teória úrokovej prémie. Inflačné očakávanie a strmosť výnosovej krivky, tzv. Fisherov efekt. Ostatné faktory ovplyvňujúce priebeh výnosovej krivky. Interpretácia priebehu výnosovej krivky na Českom peňažnom trhu v r. 1993. | ||
| 610 | 2 | 0 | |a trh finančný |
| 610 | 2 | 0 | |a politika menová |
| 610 | 2 | 0 | |a ČNB Praha |
| 610 | 2 | 0 | |a 1993 |
| 610 | 2 | 0 | |a sadzby úrokové |
| 610 | 2 | 0 | |a inflácia |
| 610 | 2 | 0 | |a výnosy |
| 610 | 2 | 0 | |a teórie ekonomické |
| 610 | 2 | 0 | |a Česko |
| 100 | 1 | |a Matalík, Ivan | |